Biblioteca y Centro de Documentación

Vista normal Vista MARC

Entrada Nombre personal

Número de registros utilizados en: 10

001 - NÚMERO DE CONTROL

  • Campo de control: 17341

003 - IDENTIFICADOR DE NÚMERO DE CONTROL

  • Campo de control: ES-MaCES

005 - FECHA Y HORA DE LA ULTIMA MODIFICACION

  • Campo de control: 20120904111200.0

008 - ELEMENTOS DE DATOS DE LONGITUD FIJA

  • Campo de longitud fija: 981123 | azznnaabn || aaa d

035 ## - NÚMERO DE CONTROL DEL SISTEMA

  • Número de control del sistema: CES19980007423n

040 ## - FUENTE DE LA CATALOGACIÓN

  • Agencia original de catalogación: ES-MaCES
  • Idioma de catalogación: spa
  • Agencia de transcripción: ES-MaCES

100 1# - ENCABEZAMIENTO--NOMBRE DE PERSONA

  • Nombre personal: Malgesini, Graciela

400 1# - TRAZADO VEÁSE--NOMBRE DE PERSONA

  • Nombre personal: Malgesini Rey, Graciela

670 ## - FUENTE DE DATOS ENCONTRADOS

  • Fuente de citación: Biblioteca Nacional

901 ## - CES. DATOS SIRTEX

  • ID Sirtex (N5N8): 0001500000742
  • 005BIS Sirtex: 199811231403MIG
© CES, Consejo Económico y Social de España 2021